[Event "DSJ Weihnachtsturnier U16: Lasker 2020"]
[Site ""]
[Date "2020.12.28"]
[Round "2"]
[White "Müller, Linus"]
[Black "Huo, Da"]
[Result "0-1"]
[Termination "normal"]
[Board "2.4"]
[WhiteElo "1578"]
[BlackElo "1918"]
[WhiteTeam "Hamburger SK von 1830 2"]
[BlackTeam "Hamburger SK von 1830"]
[PlyCount "96"]
[WhiteFideId "16245946"]
[BlackFideId "16221206"]
[EventRounds "7"]
[EventType "team-swiss"]
[EventDate "2020.12.28"]

1. e4 {[%emt 0:00:17]} c6 {[%emt 0:00:01]} 2. d4 {[%emt 0:00:08] HSK04-004
reconnected.} d5 {[%emt 0:00:06]} 3. Nc3 {[%emt 0:00:03]} dxe4 {[%emt 0:00:01]}
4. Nxe4 {[%emt 0:00:04]} Nf6 {[%emt 0:00:01]} 5. Nc3 {[%emt 0:00:16]} g6 {
[%emt 0:00:06]} 6. Nf3 {[%emt 0:00:05]} Bg7 {[%emt 0:00:02]} 7. Bc4 {[%emt
0:00:02]} O-O {[%emt 0:00:09]} 8. O-O {[%emt 0:00:06]} Nbd7 {[%emt 0:00:02]} 9.
Re1 {[%emt 0:00:04]} Re8 {[%emt 0:00:12]} 10. Bg5 {[%emt 0:01:08]} h6 {[%emt
0:00:06]} 11. Bh4 {[%emt 0:00:10]} Qc7 {[%emt 0:00:10]} 12. Bg3 {[%emt
0:00:14]} Qb6 {[%emt 0:00:08]} 13. Bb3 {[%emt 0:00:12]} Nh5 {[%emt 0:00:10]}
14. Ne5 { [%emt 0:01:00]} Nxe5 {[%emt 0:01:13]} 15. Bxe5 {[%emt 0:00:04]} Nf6
{[%emt 0:00:03]} 16. Ne4 {[%emt 0:00:29]} Nxe4 {[%emt 0:00:04]} 17. Rxe4 {[%emt
0:00:05] } Bf5 {[%emt 0:00:03]} 18. Rf4 {[%emt 0:00:15]} Bxe5 {[%emt 0:01:08]}
19. dxe5 {[%emt 0:00:12]} e6 {[%emt 0:00:03]} 20. g4 {[%emt 0:00:31]} g5 {[%emt
0:00:31] } 21. Rd4 {[%emt 0:01:20]} Bg6 {[%emt 0:00:24]} 22. c3 {[%emt
0:00:14]} Rad8 { [%emt 0:00:05]} 23. Qd2 {[%emt 0:00:21]} Rxd4 {[%emt 0:00:14]}
24. cxd4 { [%emt 0:00:06]} Rd8 {[%emt 0:00:15]} 25. Rd1 {[%emt 0:00:13]} Be4
{[%emt 0:00:08]} 26. Qe3 {[%emt 0:00:35]} Bg6 {[%emt 0:00:15]} 27. Kg2 {[%emt
0:00:24]} Qb4 {[%emt 0:00:34] HSK04-004 reconnected.} 28. f4 {[%emt 0:00:50]}
c5 {[%emt 0:00:32]} 29. fxg5 {[%emt 0:00:39]} cxd4 {[%emt 0:00:30]} 30. Qd2
{[%emt 0:00:07]} Qxd2+ {[%emt 0:00:03]} 31. Rxd2 {[%emt 0:00:00]} hxg5 {[%emt
0:00:02]} 32. Kf3 {[%emt 0:00:03]} Kf8 {[%emt 0:00:14]} 33. Bc4 {[%emt
0:00:02]} Ke7 {[%emt 0:00:02]} 34. b3 {[%emt 0:00:02]} f5 {[%emt 0:00:12]} 35.
exf6+ {[%emt 0:00:10]} Kxf6 {[%emt 0:00:06]} 36. Re2 {[%emt 0:00:03]} e5 {[%emt
0:00:05]} 37. Rd2 { [%emt 0:00:07]} e4+ {[%emt 0:00:05]} 38. Ke2 {[%emt
0:00:08]} Ke5 {[%emt 0:00:01]} 39. h3 {[%emt 0:00:10]} Rh8 {[%emt 0:00:04]} 40.
Kd1 {[%emt 0:00:04]} Rxh3 {[%emt 0:00:03]} 41. Kc2 {[%emt 0:00:02]} e3+ {[%emt
0:00:02]} 42. Bd3 { [%emt 0:00:10]} exd2 {[%emt 0:00:04]} 43. Bxg6 {[%emt
0:00:02]} Kf6 {[%emt 0:00:09]} 44. Bd3 {[%emt 0:00:02]} Rxd3 {[%emt 0:00:02]}
45. Kxd3 {[%emt 0:00:01] } d1=R+ {[%emt 0:00:04]} 46. Kc2 {[%emt 0:00:02]} Rg1
{[%emt 0:00:01]} 47. Kd3 {[%emt 0:00:01]} Rxg4 {[%emt 0:00:01]} 48. Ke2 {[%emt
0:00:02]} Rf4 {[%emt 0:00:01] HSK04-004 resigns} 0-1

[Event "DSJ Weihnachtsturnier U16: Lasker 2020"]
[Site ""]
[Date "2020.12.28"]
[Round "2"]
[White "Wiedenbruch, Paul"]
[Black "Pahl, Erik"]
[Result "0-1"]
[Termination "normal"]
[Board "3.1"]
[WhiteElo "1894"]
[BlackElo "2110"]
[WhiteTeam "Düsseldorfer Schachklub 14/25"]
[BlackTeam "Delmenhorster SK V 1931"]
[PlyCount "110"]
[WhiteFideId "16207343"]
[BlackFideId "16201272"]
[EventRounds "7"]
[EventType "team-swiss"]
[EventDate "2020.12.28"]

1. e4 {[%emt 0:00:08]} c5 {[%emt 0:00:04]} 2. Nf3 {[%emt 0:00:04]} d6 {[%emt
0:00:02]} 3. d4 {[%emt 0:00:03]} cxd4 {[%emt 0:00:00]} 4. Nxd4 {[%emt 0:00:01]}
Nf6 {[%emt 0:00:02]} 5. Nc3 {[%emt 0:00:02]} Bd7 {[%emt 0:00:00]} 6. Be3 {
[%emt 0:00:05]} e5 {[%emt 0:00:03]} 7. Nb3 {[%emt 0:00:08]} Be7 {[%emt 0:00:02]
} 8. Be2 {[%emt 0:00:07]} O-O {[%emt 0:00:15]} 9. O-O {[%emt 0:00:02]} Bc6 {
[%emt 0:00:02]} 10. Bf3 {[%emt 0:00:24]} Nbd7 {[%emt 0:00:13]} 11. Qe2 { [%emt
0:01:08]} b6 {[%emt 0:00:44]} 12. Rad1 {[%emt 0:00:11]} Rc8 {[%emt 0:00:07]}
13. g3 {[%emt 0:00:44]} Qc7 {[%emt 0:00:13]} 14. Bg2 {[%emt 0:00:07]} Qb7
{[%emt 0:01:55]} 15. Bc1 {[%emt 0:02:17]} Rfe8 {[%emt 0:00:51]} 16. Nd2 { [%emt
0:01:13]} b5 {[%emt 0:00:10]} 17. Nb3 {[%emt 0:00:26]} Bd8 {[%emt 0:00:32]} 18.
a3 {[%emt 0:01:22]} a5 {[%emt 0:00:13]} 19. Rxd6 {[%emt 0:00:21]} b4 { [%emt
0:00:02]} 20. Nd5 {[%emt 0:00:22]} Bb5 {[%emt 0:00:22]} 21. Qe1 {[%emt
0:00:45]} Nxd5 {[%emt 0:00:15]} 22. exd5 {[%emt 0:00:08]} Qc7 {[%emt 0:00:10]}
23. Rc6 {[%emt 0:00:17]} Qb7 {[%emt 0:00:30]} 24. Rxc8 {[%emt 0:00:02]} Qxc8 {
[%emt 0:00:00]} 25. axb4 {[%emt 0:00:01]} a4 {[%emt 0:00:21]} 26. Nc5 {[%emt
0:00:04]} Nxc5 {[%emt 0:00:05]} 27. bxc5 {[%emt 0:00:02]} Qxc5 {[%emt 0:00:01]}
28. c3 {[%emt 0:00:03]} e4 {[%emt 0:00:50]} 29. Be3 {[%emt 0:00:01]} Qxd5 {
[%emt 0:00:19]} 30. Bd4 {[%emt 0:00:06]} Bxf1 {[%emt 0:00:05]} 31. Bxf1 { [%emt
0:00:01]} Qb3 {[%emt 0:00:20]} 32. Qa1 {[%emt 0:00:03]} Bg5 {[%emt 0:00:14]}
33. Qa3 {[%emt 0:00:01]} Qxa3 {[%emt 0:00:03]} 34. bxa3 {[%emt 0:00:01]} Rb8
{[%emt 0:00:03]} 35. Bc5 {[%emt 0:00:03]} Rb3 {[%emt 0:00:03]} 36. Bb4 { [%emt
0:00:01]} Bd2 {[%emt 0:00:36]} 37. Bb5 {[%emt 0:00:01]} Rb1+ {[%emt 0:00:09]}
38. Kg2 {[%emt 0:00:03]} Bxc3 {[%emt 0:00:01]} 39. Bxa4 {[%emt 0:00:04]} Bxb4
{[%emt 0:00:02]} 40. axb4 {[%emt 0:00:05]} Rxb4 {[%emt 0:00:00]} 41. Bc2 {
[%emt 0:00:01]} f5 {[%emt 0:00:03]} 42. g4 {[%emt 0:00:02]} g6 {[%emt 0:00:03]}
43. gxf5 {[%emt 0:00:01]} gxf5 {[%emt 0:00:01]} 44. Kg3 {[%emt 0:00:01]} Kf7 {
[%emt 0:00:01]} 45. Kf4 {[%emt 0:00:02]} Kf6 {[%emt 0:00:00]} 46. h4 {[%emt
0:00:03]} Rb2 {[%emt 0:00:03]} 47. Ba4 {[%emt 0:00:04]} Rxf2+ {[%emt 0:00:05]}
48. Kg3 {[%emt 0:00:01]} Rf3+ {[%emt 0:00:02]} 49. Kg2 {[%emt 0:00:01]} Ra3 {
[%emt 0:00:00]} 50. Be8 {[%emt 0:00:02]} e3 {[%emt 0:00:02]} 51. Kf3 {[%emt
0:00:01]} Ke5 {[%emt 0:00:02]} 52. Bb5 {[%emt 0:00:02]} f4 {[%emt 0:00:02]} 53.
Bc6 {[%emt 0:00:05]} Ra2 {[%emt 0:00:03]} 54. Bb5 {[%emt 0:00:04]} Rf2+ { [%emt
0:00:02]} 55. Kg4 {[%emt 0:00:02]} e2 {[%emt 0:00:01]} 0-1

[Event "DSJ Weihnachtsturnier U16: Lasker 2020"]
[Site ""]
[Date "2020.12.28"]
[Round "2"]
[White "Pahl, Theis"]
[Black "Rudolph, Eva"]
[Result "1-0"]
[Termination "normal"]
[Board "3.2"]
[WhiteElo "2123"]
[BlackElo "1860"]
[WhiteTeam "Delmenhorster SK V 1931"]
[BlackTeam "Düsseldorfer Schachklub 14/25"]
[PlyCount "85"]
[WhiteFideId "16201264"]
[BlackFideId "16200594"]
[EventRounds "7"]
[EventType "team-swiss"]
[EventDate "2020.12.28"]

1. e4 {[%emt 0:00:04]} c5 {[%emt 0:00:02]} 2. Nf3 {[%emt 0:00:01]} e6 {[%emt
0:00:01]} 3. d4 {[%emt 0:00:07]} cxd4 {[%emt 0:00:02]} 4. Nxd4 {[%emt 0:00:02]}
a6 {[%emt 0:00:01]} 5. Bd3 {[%emt 0:00:04]} Nf6 {[%emt 0:00:03]} 6. O-O { [%emt
0:00:04]} Qc7 {[%emt 0:00:02]} 7. Qe2 {[%emt 0:00:04]} d6 {[%emt 0:00:02] } 8.
c4 {[%emt 0:00:05]} g6 {[%emt 0:00:11]} 9. Nc3 {[%emt 0:00:10]} Bg7 { [%emt
0:00:08]} 10. Rd1 {[%emt 0:00:21]} b6 {[%emt 0:00:17]} 11. Nf3 {[%emt 0:00:18]}
O-O {[%emt 0:00:07]} 12. Bf4 {[%emt 0:00:11]} Nh5 {[%emt 0:00:43]} 13. Be3
{[%emt 0:00:29]} Bb7 {[%emt 0:00:09]} 14. Rac1 {[%emt 0:00:18]} Nd7 { [%emt
0:00:12]} 15. h3 {[%emt 0:01:23]} Nhf6 {[%emt 0:00:18]} 16. Bf4 {[%emt
0:00:24]} Ne5 {[%emt 0:01:09]} 17. Nxe5 {[%emt 0:00:08]} dxe5 {[%emt 0:00:02]}
18. Be3 {[%emt 0:00:02]} Rfd8 {[%emt 0:00:04]} 19. f3 {[%emt 0:00:27]} Rac8 {
[%emt 0:00:36]} 20. Qf2 {[%emt 0:00:12]} Nd7 {[%emt 0:00:19]} 21. b4 {[%emt
0:00:27]} Bf8 {[%emt 0:00:24]} 22. a3 {[%emt 0:00:52]} Qc6 {[%emt 0:01:42]} 23.
h4 {[%emt 0:00:59]} a5 {[%emt 0:00:32]} 24. Rb1 {[%emt 0:00:28]} Ra8 {[%emt
0:00:39]} 25. b5 {[%emt 0:00:46]} Qc7 {[%emt 0:00:14]} 26. Na4 {[%emt 0:00:03]}
Nc5 {[%emt 0:00:22]} 27. Nxc5 {[%emt 0:00:02]} Bxc5 {[%emt 0:00:02]} 28. Bxc5 {
[%emt 0:00:02]} Qxc5 {[%emt 0:00:24]} 29. Qxc5 {[%emt 0:00:04]} bxc5 {[%emt
0:00:01]} 30. Kf2 {[%emt 0:00:09]} Kf8 {[%emt 0:00:01]} 31. Ke3 {[%emt
0:00:02]} Ke7 {[%emt 0:00:01]} 32. b6 {[%emt 0:00:10]} Ra6 {[%emt 0:00:12]} 33.
Bc2 { [%emt 0:00:06]} Rxd1 {[%emt 0:00:18]} 34. Bxd1 {[%emt 0:00:02]} Kd6
{[%emt 0:00:05]} 35. Ba4 {[%emt 0:00:03]} h5 {[%emt 0:00:08]} 36. Rd1+ {[%emt
0:00:32]} Bd5 {[%emt 0:00:26]} 37. exd5 {[%emt 0:00:02]} Rxb6 {[%emt 0:00:08]}
38. Bb5 { [%emt 0:00:02]} f5 {[%emt 0:00:08]} 39. dxe6+ {[%emt 0:00:02]} Kxe6
{[%emt 0:00:02]} 40. Rd8 {[%emt 0:00:05]} Rb7 {[%emt 0:00:13]} 41. a4 {[%emt
0:00:04]} Ra7 {[%emt 0:00:06]} 42. Rc8 {[%emt 0:00:07]} Kd6 {[%emt 0:00:02]}
43. Rc6+ { [%emt 0:00:02]} 1-0

[Event "DSJ Weihnachtsturnier U16: Lasker 2020"]
[Site ""]
[Date "2020.12.28"]
[Round "2"]
[White "Mukovskiy, Peter"]
[Black "Alhamid, Mohamad"]
[Result "0-1"]
[Termination "normal"]
[Board "3.3"]
[WhiteElo "1721"]
[BlackElo "1664"]
[WhiteTeam "Düsseldorfer Schachklub 14/25"]
[BlackTeam "Delmenhorster SK V 1931"]
[PlyCount "54"]
[WhiteFideId "16236998"]
[BlackFideId "16235665"]
[EventRounds "7"]
[EventType "team-swiss"]
[EventDate "2020.12.28"]

1. d4 {[%emt 0:00:02] Delmen2-003 reconnected.} Nf6 {[%emt 0:00:16]} 2. c4 {
[%emt 0:00:03]} e6 {[%emt 0:00:01]} 3. Nf3 {[%emt 0:00:04]} d5 {[%emt 0:00:02]}
4. Nc3 {[%emt 0:00:05]} Be7 {[%emt 0:00:03]} 5. Bg5 {[%emt 0:00:03]} O-O {
[%emt 0:00:04]} 6. e3 {[%emt 0:00:04]} h6 {[%emt 0:00:08]} 7. Bh4 {[%emt
0:00:05]} Nc6 {[%emt 0:00:20]} 8. Bd3 {[%emt 0:00:25]} Re8 {[%emt 0:00:46]} 9.
O-O { [%emt 0:00:02]} dxc4 {[%emt 0:00:57]} 10. Bxc4 {[%emt 0:00:03]} Nd5
{[%emt 0:00:07]} 11. Bxe7 {[%emt 0:00:04]} Ncxe7 {[%emt 0:00:37]} 12. e4 {[%emt
0:00:11] } Nxc3 {[%emt 0:00:14]} 13. bxc3 {[%emt 0:00:02]} Ng6 {[%emt 0:00:01]}
14. Qc2 {[%emt 0:01:03]} e5 {[%emt 0:00:10]} 15. Rad1 {[%emt 0:00:28]} exd4
{[%emt 0:00:09]} 16. Rxd4 {[%emt 0:00:21]} Qe7 {[%emt 0:00:05]} 17. h3 {[%emt
0:00:32]} c5 {[%emt 0:00:19]} 18. Rd5 {[%emt 0:00:33]} Be6 {[%emt 0:00:08]} 19.
Re1 { [%emt 0:00:19]} Bxd5 {[%emt 0:00:10]} 20. exd5 {[%emt 0:00:03]} Qd6
{[%emt 0:00:06]} 21. Rxe8+ {[%emt 0:00:22]} Rxe8 {[%emt 0:00:04]} 22. Qf5
{[%emt 0:00:10]} Ne5 {[%emt 0:00:20]} 23. Nxe5 {[%emt 0:01:19]} Qxe5 {[%emt
0:00:03]} 24. Qf3 {[%emt 0:00:46]} Qd6 {[%emt 0:01:58]} 25. a4 {[%emt 0:00:12]}
Re1+ { [%emt 0:00:12]} 26. Bf1 {[%emt 0:00:03]} Qa6 {[%emt 0:00:22]} 27. d6
{[%emt 0:00:45]} Rxf1+ {[%emt 0:00:12]} 0-1

[Event "DSJ Weihnachtsturnier U16: Lasker 2020"]
[Site ""]
[Date "2020.12.28"]
[Round "2"]
[White "Wander, Dennis"]
[Black "Krstovic, Marko"]
[Result "1-0"]
[Termination "normal"]
[Board "3.4"]
[WhiteElo "1595"]
[BlackElo "1455"]
[WhiteTeam "Delmenhorster SK V 1931"]
[BlackTeam "Düsseldorfer Schachklub 14/25"]
[PlyCount "187"]
[WhiteFideId "16276523"]
[BlackFideId "16278003"]
[EventRounds "7"]
[EventType "team-swiss"]
[EventDate "2020.12.28"]

1. e4 {[%emt 0:00:04]} e5 {[%emt 0:00:03]} 2. Nf3 {[%emt 0:00:05]} Nf6 { [%emt
0:00:02]} 3. Nc3 {[%emt 0:00:02]} Nc6 {[%emt 0:00:03]} 4. Bb5 {[%emt 0:00:02]}
Bc5 {[%emt 0:00:02]} 5. Bxc6 {[%emt 0:00:03]} dxc6 {[%emt 0:00:04]} 6. O-O
{[%emt 0:00:03]} Qe7 {[%emt 0:00:20]} 7. d4 {[%emt 0:00:07]} exd4 {[%emt
0:00:09]} 8. Nxd4 {[%emt 0:00:00]} Bg4 {[%emt 0:00:21]} 9. f3 {[%emt 0:00:07]}
Be6 {[%emt 0:00:34]} 10. Kh1 {[%emt 0:00:08]} Rd8 {[%emt 0:00:08]} 11. Nce2 {
[%emt 0:00:06]} O-O {[%emt 0:00:06]} 12. c3 {[%emt 0:00:03]} Bc4 {[%emt
0:00:20]} 13. Be3 {[%emt 0:00:08]} Bb6 {[%emt 0:00:37]} 14. Nf5 {[%emt
0:00:00]} Qe8 {[%emt 0:00:38]} 15. Qc2 {[%emt 0:00:08]} Bxe3 {[%emt 0:00:25]}
16. Nxe3 { [%emt 0:00:00]} Bd3 {[%emt 0:00:14]} 17. Qd1 {[%emt 0:00:26]} Bxe4
{[%emt 0:00:06]} 18. Qa4 {[%emt 0:00:02]} Bd3 {[%emt 0:00:14]} 19. Rfe1 {[%emt
0:00:07]} Qxe3 {[%emt 0:00:27]} 20. Nf4 {[%emt 0:00:05]} Qc5 {[%emt 0:00:21]}
21. Rad1 { [%emt 0:00:13]} Bb5 {[%emt 0:00:07]} 22. Qc2 {[%emt 0:00:03]} Rxd1
{[%emt 0:00:10]} 23. Rxd1 {[%emt 0:00:00]} Qe3 {[%emt 0:00:36]} 24. Nh3 {[%emt
0:00:12]} g6 {[%emt 0:00:31]} 25. c4 {[%emt 0:00:03]} Ba6 {[%emt 0:00:08]} 26.
b3 {[%emt 0:00:02]} b6 {[%emt 0:00:22]} 27. Qb2 {[%emt 0:00:57]} Qe7 {[%emt
0:00:15]} 28. Nf2 {[%emt 0:00:06]} Re8 {[%emt 0:00:17]} 29. g4 {[%emt 0:00:17]}
Qe5 {[%emt 0:00:20]} 30. Qc1 {[%emt 0:00:14]} Qe3 {[%emt 0:00:14]} 31. Qb2
{[%emt 0:00:04]} Qe5 {[%emt 0:00:20]} 32. Qc1 {[%emt 0:00:08]} Bb7 {[%emt
0:00:03]} 33. g5 { [%emt 0:00:05]} Nh5 {[%emt 0:00:09]} 34. Ng4 {[%emt
0:00:02]} Qf4 {[%emt 0:00:17]} 35. Qxf4 {[%emt 0:00:12]} Nxf4 {[%emt 0:00:03]}
36. Nf6+ {[%emt 0:00:03]} Kf8 {[%emt 0:00:01]} 37. Nxe8 {[%emt 0:00:12]} Kxe8
{[%emt 0:00:01]} 38. Re1+ { [%emt 0:00:00]} Ne6 {[%emt 0:00:05]} 39. Kg2 {[%emt
0:00:02]} c5 {[%emt 0:00:03]} 40. Kf2 {[%emt 0:00:01]} Kf8 {[%emt 0:00:06]} 41.
h4 {[%emt 0:00:04]} Nf4 {[%emt 0:00:02]} 42. Re4 {[%emt 0:00:07]} Ne6 {[%emt
0:00:07]} 43. Re3 { [%emt 0:00:12]} Nd4 {[%emt 0:00:08]} 44. Rd3 {[%emt
0:00:12]} Nf5 {[%emt 0:00:19]} 45. Rd8+ {[%emt 0:00:03]} Ke7 {[%emt 0:00:03]}
46. Rb8 {[%emt 0:00:06]} Bc6 {[%emt 0:00:04]} 47. Rc8 {[%emt 0:00:03]} Kd7
{[%emt 0:00:04]} 48. Rh8 { [%emt 0:00:02]} Nxh4 {[%emt 0:00:06]} 49. Rxh7
{[%emt 0:00:01]} Nxf3 {[%emt 0:00:19]} 50. Rxf7+ {[%emt 0:00:02]} Kd6 {[%emt
0:00:11]} 51. Rf6+ {[%emt 0:00:01]} Kd7 {[%emt 0:00:02]} 52. Rxg6 {[%emt
0:00:02]} Ne5 {[%emt 0:00:02]} 53. Rg7+ {[%emt 0:00:01]} Kd6 {[%emt 0:00:02]}
54. g6 {[%emt 0:00:01]} Be8 { [%emt 0:00:02]} 55. Rg8 {[%emt 0:00:10]} Bxg6
{[%emt 0:00:01]} 56. Ra8 { [%emt 0:00:01]} Nc6 {[%emt 0:00:08]} 57. Ke3 {[%emt
0:00:05]} Bb1 {[%emt 0:00:01]} 58. a3 {[%emt 0:00:02]} Ba2 {[%emt 0:00:01]} 59.
b4 {[%emt 0:00:02]} Bxc4 {[%emt 0:00:02]} 60. Rh8 {[%emt 0:00:03]} cxb4 {[%emt
0:00:03]} 61. Rh6+ { [%emt 0:00:02]} Be6 {[%emt 0:00:03]} 62. axb4 {[%emt
0:00:04]} Nxb4 {[%emt 0:00:01]} 63. Kd4 {[%emt 0:00:00]} a5 {[%emt 0:00:04]}
64. Kc3 {[%emt 0:00:01]} b5 {[%emt 0:00:02]} 65. Rh5 {[%emt 0:00:02]} c5 {[%emt
0:00:04]} 66. Rh8 { [%emt 0:00:03]} Nd5+ {[%emt 0:00:03]} 67. Kb3 {[%emt
0:00:03]} a4+ {[%emt 0:00:01]} 68. Ka3 {[%emt 0:00:01]} Nc3 {[%emt 0:00:11]}
69. Rd8+ {[%emt 0:00:07]} Kc7 {[%emt 0:00:02]} 70. Re8 {[%emt 0:00:02]} b4+
{[%emt 0:00:02]} 71. Kb2 { [%emt 0:00:02]} a3+ {[%emt 0:00:01]} 72. Ka1 {[%emt
0:00:01]} b3 {[%emt 0:00:06]} 73. Rc8+ {[%emt 0:00:01]} Kd6 {[%emt 0:00:05]}
74. Rc6+ {[%emt 0:00:02]} Ke5 {[%emt 0:00:02]} 75. Rxe6+ {[%emt 0:00:01]} Kd4
{[%emt 0:00:02]} 76. Rd6+ { [%emt 0:00:04]} Kc4 {[%emt 0:00:06]} 77. Rd4+
{[%emt 0:00:02]} Kb5 {[%emt 0:00:04]} 78. Rb4+ {[%emt 0:00:02]} Ka5 {[%emt
0:00:02]} 79. Rxb3 {[%emt 0:00:02]} Na4 {[%emt 0:00:05]} 80. Rxa3 {[%emt
0:00:02]} Kb4 {[%emt 0:00:01]} 81. Rh3 { [%emt 0:00:02]} c4 {[%emt 0:00:01]}
82. Kb1 {[%emt 0:00:03]} c3 {[%emt 0:00:01] } 83. Kc2 {[%emt 0:00:01]} Nb2
{[%emt 0:00:04]} 84. Rxc3 {[%emt 0:00:02]} Na4 { [%emt 0:00:02]} 85. Rh3 {[%emt
0:00:02]} Ka5 {[%emt 0:00:01]} 86. Rh5+ { [%emt 0:00:02]} Ka6 {[%emt 0:00:01]}
87. Kb3 {[%emt 0:00:01]} Nb6 {[%emt 0:00:01]} 88. Kb4 {[%emt 0:00:02]} Kb7
{[%emt 0:00:01]} 89. Rh7+ {[%emt 0:00:02]} Kb8 {[%emt 0:00:04]} 90. Kb5 {[%emt
0:00:04]} Nc8 {[%emt 0:00:01]} 91. Rh8 { [%emt 0:00:03]} Kc7 {[%emt 0:00:02]}
92. Rh7+ {[%emt 0:00:01]} Kd8 {[%emt 0:00:01]} 93. Kc6 {[%emt 0:00:02]} Na7+
{[%emt 0:00:01]} 94. Rxa7 {[%emt 0:00:02]} 1-0

[Event "DSJ Weihnachtsturnier U16: Lasker 2020"]
[Site ""]
[Date "2020.12.28"]
[Round "2"]
[White "Nguyen, Alex Dac-Vuong"]
[Black "Hetzner, Hannes"]
[Result "1-0"]
[Termination "normal"]
[Board "4.1"]
[WhiteTitle "FM"]
[WhiteElo "2307"]
[BlackElo "1983"]
[WhiteTeam "Schachgemeinschaft Leipzig"]
[BlackTeam "SC Erlangen 48/88"]
[PlyCount "105"]
[WhiteFideId "12984388"]
[BlackFideId "16211936"]
[EventRounds "7"]
[EventType "team-swiss"]
[EventDate "2020.12.28"]

1. e4 {[%emt 0:00:06]} e6 {[%emt 0:00:03]} 2. d4 {[%emt 0:00:02]} d5 {[%emt
0:00:07]} 3. Nc3 {[%emt 0:00:01]} Bb4 {[%emt 0:00:04]} 4. e5 {[%emt 0:00:02]}
c5 {[%emt 0:00:02]} 5. Bd2 {[%emt 0:00:04]} Ne7 {[%emt 0:00:15]} 6. Nb5 {[%emt
0:00:04]} Bxd2+ {[%emt 0:00:05]} 7. Qxd2 {[%emt 0:00:00]} O-O {[%emt 0:00:04]}
8. f4 {[%emt 0:00:13]} Nf5 {[%emt 0:00:42]} 9. Nf3 {[%emt 0:00:04]} a6 {[%emt
0:00:09]} 10. Nc3 {[%emt 0:00:03]} cxd4 {[%emt 0:00:58]} 11. Ne2 {[%emt
0:00:33]} Qb6 {[%emt 0:00:29]} 12. O-O-O {[%emt 0:00:03]} Ne3 {[%emt 0:00:18]}
13. Qxd4 { [%emt 0:01:06]} Qxd4 {[%emt 0:00:07]} 14. Rxd4 {[%emt 0:00:02]} Bd7
{[%emt 0:00:20]} 15. Nc3 {[%emt 0:00:15]} Nxf1 {[%emt 0:00:38]} 16. Rxf1 {[%emt
0:00:04] } Nc6 {[%emt 0:00:39]} 17. Rd2 {[%emt 0:00:06]} b5 {[%emt 0:00:08]}
18. Nd4 { [%emt 0:00:10]} Na5 {[%emt 0:00:21]} 19. b3 {[%emt 0:00:11]} b4
{[%emt 0:00:08] } 20. Nd1 {[%emt 0:00:30]} Bb5 {[%emt 0:00:22]} 21. Rf3 {[%emt
0:00:11]} Rfc8 { [%emt 0:00:23]} 22. Kb2 {[%emt 0:00:04]} Nc6 {[%emt 0:00:22]}
23. Nxc6 { [%emt 0:00:10]} Rxc6 {[%emt 0:00:05]} 24. a3 {[%emt 0:00:38]} bxa3+
{[%emt 0:00:17]} 25. Kxa3 {[%emt 0:00:00]} Rac8 {[%emt 0:00:04]} 26. Kb2 {[%emt
0:00:05] } f6 {[%emt 0:00:16]} 27. Rc3 {[%emt 0:00:15]} fxe5 {[%emt 0:00:34]}
28. Rxc6 { [%emt 0:00:12]} Rxc6 {[%emt 0:00:07]} 29. fxe5 {[%emt 0:00:00]} Kf7
{[%emt 0:00:06]} 30. Rf2+ {[%emt 0:00:06]} Kg6 {[%emt 0:00:10]} 31. Rf4 {[%emt
0:00:40]} Rc7 {[%emt 0:00:06]} 32. Nc3 {[%emt 0:00:19]} Be8 {[%emt 0:00:04]}
33. Ne2 { [%emt 0:00:07]} Bb5 {[%emt 0:00:24]} 34. Nd4 {[%emt 0:00:03]} Re7
{[%emt 0:00:15]} 35. Ka3 {[%emt 0:00:09]} Kg5 {[%emt 0:00:10]} 36. g3 {[%emt
0:00:04]} Bd7 {[%emt 0:00:46]} 37. Kb4 {[%emt 0:00:11]} Bb5 {[%emt 0:00:43]}
38. Kc5 { [%emt 0:00:35]} Kg6 {[%emt 0:00:14]} 39. Kd6 {[%emt 0:00:06]} Rf7
{[%emt 0:00:09]} 40. Kxe6 {[%emt 0:00:12]} Rxf4 {[%emt 0:00:01]} 41. gxf4
{[%emt 0:00:01]} Be8 {[%emt 0:00:02]} 42. Kxd5 {[%emt 0:00:04]} Kf7 {[%emt
0:00:02]} 43. f5 { [%emt 0:00:01]} Ke7 {[%emt 0:00:01]} 44. c4 {[%emt 0:00:05]}
Bh5 {[%emt 0:00:03]} 45. Nc6+ {[%emt 0:00:02]} Kd7 {[%emt 0:00:01]} 46. e6+
{[%emt 0:00:01]} Ke8 {[%emt 0:00:01]} 47. Kd6 {[%emt 0:00:01]} Bf3 {[%emt
0:00:01]} 48. Ne5 { [%emt 0:00:01]} Be2 {[%emt 0:00:01]} 49. c5 {[%emt
0:00:01]} Bb5 {[%emt 0:00:02]} 50. b4 {[%emt 0:00:02]} h5 {[%emt 0:00:03]} 51.
h4 {[%emt 0:00:02]} Kd8 { [%emt 0:00:05]} 52. c6 {[%emt 0:00:01]} Ke8 {[%emt
0:00:03]} 53. c7 {[%emt 0:00:02]} 1-0